000 00531nam a2200181Ia 4500
003 IN-BaIIA
008 211028s9999 xx 000 0 eng d
040 _cIIA Library
080 _a524.5
_bTER
245 0 _aInterstellar ionised hydrogen.
_cedited by Yervant Terzian
260 _aNewyork
_bW. A. Benjamin
_c1968
300 _aix, 774p.
650 _aEvolution of Stars
650 _aOH Emission
_928377
650 _aStar Formation
700 _aTerzian,Yervant.,ed.
_97203
942 _cBK
999 _c15369
_d15369